000 00465nam a2200181Ia 4500
008 131103s9999 xx 000 0 und d
040 _aLoreto College
041 _aEnglish
082 _aMIS/BUR
_bLCBED/6972
100 _aBurke, Carl
245 _aGod is for real man
_cCarl Burke
260 _aLondon
_bCollins
_c1970
300 _a144p.
_b ill.
_c 16c.m.
504 _aIncludes notes and glossary
650 _aMis
850 _aLCBED/MIS/BUR
942 _cBK
999 _c34276
_d84755